Normal view
MARC view
Entry Personal Name
001 - CONTROL NUMBER
- control field: 28164
003 - CONTROL NUMBER IDENTIFIER
- control field: OSt
005 - DATE AND TIME OF LATEST TRANSACTION
- control field: 20230719165040.0
008 - FIXED-LENGTH DATA ELEMENTS
- fixed length control field: 230719|| aca||aabn | a|a d
040 ## - CATALOGING SOURCE
- Original cataloging agency: OSt
- Transcribing agency: OSt
100 ## - HEADING--PERSONAL NAME
- Personal name: ဝႃႇယႃႇမ၊
- Titles and other words associated with a name: ၸဝ်ႈသြႃႇ။
670 ## - SOURCE DATA FOUND
- Source citation: Work cat.: (OSt): ဝႃႇယႃႇမ၊ ၸဝ်ႈသြႃႇ။, ပပ်ႉၵႅမ်မိုဝ်းၵူၼ်းထဝ်ႈ /, 2017 ။